Seguros privados / (Record no. 79931)

MARC details
000 -LEADER
campo de control de longitud fija 01013nam a2200253 i 4500
001 - NÚMERO DE CONTROL
campo de control 79931
003 - IDENTIFICADOR DE NÚMERO DE CONTROL
campo de control ES-MaACL
005 - FECHA Y HORA DE LA ÚLTIMA TRANSACCIÓN
campo de control 20250814234224.0
007 - CAMPO FIJO DE DESCRIPCIÓN FÍSICA--INFORMACIÓN GENERAL
campo de control de longitud fija t|
008 - DATOS DE LONGITUD FIJA--INFORMACIÓN GENERAL
campo de control de longitud fija 041025s1933 sp ||||1| spa d
100 1# - ENTRADA PRINCIPAL--NOMBRE DE PERSONA
Nombre de persona Herrmannsdorfer, Fritz.
9 (RLIN) 63380
245 10 - MENCIÓN DEL TÍTULO
Título Seguros privados /
Mención de responsabilidad, etc. Fritz Herrmannsdorfer ; traducción del alemán por Rafael Luengo Tapia [y] Wilhelm Neumann ; anotado con especial referencia a la legislación española por Antonio Lasheras Sanz ; con un prólogo de Rodrigo Spínola.
260 ## - PUBLICACIÓN, DISTRIBUCIÓN, ETC.
Lugar de publicación, distribución, etc. Barcelona :
Nombre del editor, distribuidor, etc. Labor,
Fecha de publicación, distribución, etc. 1933.
300 ## - DESCRIPCIÓN FÍSICA
Extensión VII, 247 p. ;
Dimensiones 23 cm.
490 1# - MENCIÓN DE SERIE
Mención de serie Enciclopedia de ciencias jurídicas y sociales. Ciencias Sociales
650 #4 - PUNTO DE ACCESO ADICIONAL DE MATERIA--TÉRMINO DE MATERIA
Término de materia o nombre geográfico como elemento de entrada Seguros.
9 (RLIN) 136860
700 1# - ENTRADA AGREGADA--NOMBRE PERSONAL
Nombre de persona Luengo Tapia, Rafael
9 (RLIN) 74639
700 1# - ENTRADA AGREGADA--NOMBRE PERSONAL
Nombre de persona Neumann, Wilhelm.
9 (RLIN) 85452
700 1# - ENTRADA AGREGADA--NOMBRE PERSONAL
Nombre de persona Lasheras Sanz, Antonio.
9 (RLIN) 70440
700 1# - ENTRADA AGREGADA--NOMBRE PERSONAL
Nombre de persona Spínola, Rodrigo.
9 (RLIN) 107748
830 00 - PUNTO DE ACCESO ADICIONAL DE SERIE-TÍTULO UNIFORME
Título uniforme Enciclopedia de ciencias jurídicas y sociales
9 (RLIN) 183357
852 ## - LOCALIZACIÓN
Ubicación ES-MaACL
Número de control de estantería A-1645
Holdings
Estatus retirado Estado de pérdida Estado de daño No para préstamo Biblioteca de origen Biblioteca actual Ubicación en estantería Fecha de adquisición Fuente de adquisición Total de préstamos Signatura topográfica completa Código de barras Visto por última vez Precio de reemplazo Tipo de ítem Koha
        Biblioteca del Ateneo de Madrid Biblioteca del Ateneo de Madrid Sala Pecera Planta 1 17/01/2008     A-1645 1083577 23/02/2023 23/02/2023 Libro impreso